000 00465nam a22001577a 4500
005 20251108171900.0
008 250721s9999 xx 000 0 ara d
082 1 4 _aط/811.06/أرك
245 1 0 _aأركان الإسلام /
264 1 _aالقاهرة :
_bشركة سفير للطباعة و النشر،
_c[19-].
300 _a16ص
490 0 _aالأغاني و الأناشيد
650 1 7 _aالشعر الديني
942 _2ddc
_cBK
999 _c65058
_d65058